Асинхронный рольганговый двигатель; Электротехника, электромеханика и электротехнологии

Bibliografische gegevens
Parent link:Электротехника, электромеханика и электротехнологии.— 2002.— С. 66-68.
Hoofdauteur: Боронин С. В.
Andere auteurs: Жадан В. А. (научный руководитель)
Taal:Russisch
Gepubliceerd in: 2002
Onderwerpen:
Formaat: Hoofdstuk
KOHA link:https://koha.lib.tpu.ru/cgi-bin/koha/opac-detail.pl?biblionumber=91247

MARC

LEADER 00000naa2a2200000 4500
001 91247
005 20231031103951.0
035 |a (RuTPU)RU\TPU\book\97831 
090 |a 91247 
100 |a 20060221d2002 k y0rusy50 ca 
101 0 |a rus 
102 |a RU 
200 1 |a Асинхронный рольганговый двигатель  |f С. В. Боронин  |g науч. рук. В. А. Жадан  
463 0 |0 (RuTPU)RU\TPU\book\68512  |t Электротехника, электромеханика и электротехнологии  |o Труды Второй региональной научно-практической студенческой конференции, Томск, 4-7 июня 2002 г.  |f Томский политехнический университет; Электротехнический институт  |v С. 66-68.  |d 2002  |p 146 с. 
610 1 |a асинхронные двигатели 
610 1 |a рольганговые двигатели 
610 1 |a прокатные станы 
610 1 |a металлургические заводы 
610 1 |a труды учёных ТПУ 
700 1 |a Боронин  |b С. В. 
702 1 |a Жадан   |b В. А.  |4 727 
801 1 |a RU  |b 63413507  |c 20060221  |g PSBO 
801 2 |a RU  |b 63413507  |c 20090731  |g PSBO 
942 |c BK